000 01096cam a22003251i 4500
001 9861603
003 OSt
005 20230607091056.0
008 800904s1964 enk 000 0 eng
010 _a 64054563
015 _aGB64-770
020 _a0854961178
035 _a(OCoLC)6681608
040 _aDLC
_cMH
_dODaWU
_dUk
_dDLC
041 1 _aengger
042 _apremarc
050 0 0 _aDD240
_b.W383
082 _a943.08
_bWIL
245 0 4 _aThe Road to Dictatorship
_bGermany 1918-1933 /
_cTen Contributions by Th. Eschenburg ... [et al.] ; translated from the German by Lawrence Wilson.
260 _aLondon :
_bO. Wolff,
_cc1964, 1977 printing.
300 _a174 p. ;
_c22 cm.
490 0 _aGerman history series ;
_vno. 1
500 _a"Essays ... originally broadcast in the Third Programme of the Norddeutscher Rundfunk."
650 0 _aNational socialism.
651 0 _aGermany
_xPolitics and government
_y1918-1933.
700 1 _aEschenburg, Theodor,
_d1904-1999.
730 0 _aNorddeutscher Rundfunk.
906 _a7
_bcbc
_coclcrpl
_du
_encip
_f19
_gy-gencatlg
942 _2ddc
_cBK
999 _c779
_d779